logo

Bir Sreshtho Munshi Abdur Rouf Library
Jhenaidah Cadet College

A text-book of sound for three year degree course / (Record no. 6637)

MARC details
000 -LEADER
fixed length control field 00521nam a2200205 a 4500
001 - CONTROL NUMBER
JCCL Control Number 6637
003 - CONTROL NUMBER IDENTIFIER
JCCL marc code BD-JhCC
005 - DATE AND TIME OF LATEST TRANSACTION
control field 20180305190136.0
008 - FIXED-LENGTH DATA ELEMENTS--GENERAL INFORMATION
fixed length control field 180127s1964 ii |||| |||| 000 0 eng d
035 ## - SYSTEM CONTROL NUMBER
system control number (BD-JhCC)
040 ## - CATALOGING SOURCE
Original cataloging agency BD-JhCC
Modifying agency BD-JhCC
041 ## - LANGUAGE CODE
Language code of Book eng
082 ## - DEWEY DECIMAL CLASSIFICATION NUMBER
Classification number 534
Author mark and Year MAN 1964
100 ## - MAIN ENTRY--PERSONAL NAME
Personal name Mandal, T. M.
245 ## - TITLE STATEMENT
Title A text-book of sound for three year degree course /
Statement of responsibility, etc T. M. Mandal
260 ## - PUBLICATION, DISTRIBUTION, ETC. (IMPRINT)
Place of publication, distribution, etc India:
Name of publisher, distributor, etc Science Book Agency;
Date of publication, distribution, etc 1964
300 ## - PHYSICAL DESCRIPTION
Pagination 203 p;,
Dimensions 18 cm
650 ## - SUBJECT ADDED ENTRY--TOPICAL TERM
Topical term or geographic name as entry element Sound
942 ## - ADDED ENTRY ELEMENTS (KOHA)
Source of classification or shelving scheme Dewey Decimal Classification
Koha item type Books
Holdings
Source of classification or shelving scheme Damaged status Not for loan Home library Current library Shelving location Date of accession Cost, normal purchase price Total Checkouts Full call number Barcode Date last seen Copy number Koha item type
Dewey Decimal Classification     JCC Rouf Library JCC Rouf Library General Stacks 01/27/2018 6.00   534 MAN 1964 8998 01/27/2018 C-1 Books
Dewey Decimal Classification     JCC Rouf Library JCC Rouf Library General Stacks       534 MAN 1964 11573 03/05/2018 C - 2 Books
Dewey Decimal Classification     JCC Rouf Library JCC Rouf Library General Stacks       534 MAN 1964 11574 03/05/2018 C - 3 Books

JCC Library | Contacts | JCC Home

Last Update on 23 September 2017
Copyright @ 2017-2020 JCC Rouf Library
Rouf Library, Jhenidah Cadet College (JCC), Bangladesh